Statistics for Pokemon Trivia

Click here to take the quiz!

General Stats

  • This quiz has been taken 896 times
  • The average score is 7 of 13

Answer Stats

HintAnswer% Correct
Ash sees thi pokemon in the first episode of the anime years before it appears in Gold and SilverHo-Oh
84%
This pokemon can breed with any pokemon excet itselfditto
81%
This was the first pokemon to be createdRhydon
74%
this pokemon has 4,294,967,295 differnt spot patterns that it can haveSpinda
68%
This was the only dragon type move in Red Blue and YellowDragon Rage
59%
If a pokemon of all types existed its only weakness would beRock
56%
This pokemon was almost the mascot for the series.Clefairy
55%
There is none of this type of move with less then 100% hit rateghost
55%
This gameing consol was in the players room in R/SGame Cube
53%
These games were planned to be the last ones of the fanchise.Gold and Silver
52%
These where the only games where you meet your fatherRuby and Sapphire
52%
there are only __ # of pokemon that cant learn any HMs or TMs18
39%
this is the only pokemon that cant learn a normal type moveweedle
6%

Score Distribution

Percentile by Number Answered

Percent of People with Each Score

Your Score History

You have not taken this quiz